Басни (Запис номер 524502)
[ съкратено ]
| 000 -Лидер | |
|---|---|
| Лидер | 01252nam a2200313 a 4500 |
| 003 - Код на организацията, давaща контролен номер | |
| Код на организацията, даваща контролен номер | BLK |
| 005 - Дата и час на последна редакция | |
| Дата и час на последна редакция | 20250715165236.0 |
| 008 - Елементи от данни с фиксирана дължина | |
| Елементи с фиксирана дължина | 180413b bul|||||r ||||||| ||bul|| |
| 020 ## - Международен стандартен номер на книга ISBN | |
| ISBN | 9786192409067 |
| 040 ## - Източник на каталожния запис | |
| Код на библиотеката | BLK |
| 041 ## - Код за език | |
| Език | Български |
| Език за КДБФ | Български |
| 080 ## - УДК | |
| УДК текст | Класическа гръцка литература. Старогръцка литература |
| УДК код | 821.142 |
| УДК – определител | -93-342 |
| УДК – код + определител | 821.142-93-342 |
| 084 ## - Класификационен индекс по друга класификация | |
| Авторски знак | Езо - Е 38 |
| 100 1# - Редна дума - Автор | |
| Автор | Езоп |
| R(LIN) | 66774 |
| 245 10 - Сведения за заглавието | |
| Заглавие | Басни |
| Авторска отговорност | Езоп ; прев. Пенка Кънева ; ил. Артър Ракъм ; |
| 245 10 - Сведения за заглавието | |
| Заглавие | Басни |
| Авторска отговорност | Жан дьо Лафонтен; прев. Бойко Ламбовски; худож. Густав Доре |
| 260 ## - Област на издателските данни | |
| Място на издаване | София |
| Име на издателя | Пан |
| Година на издаване | 2024 |
| 300 ## - Физическа характеристика | |
| Брой страници | 272 с. |
| Илюстрации | с ил. |
| Размер | 20 см |
| 380 ## - Жанр | |
| Жанр | Детска худож. лит. |
| 700 1# - Други автори (авторска отговорност) | |
| Друг автор | Лафонтен, Жан дьо |
| 9 (RLIN) | 87853 |
| 700 ## - Други автори (авторска отговорност) | |
| Друг автор | Кънева, Пенка Асенова |
| 9 (RLIN) | 365440 |
| 700 ## - Други автори (авторска отговорност) | |
| Друг автор | Ламбовски, Бойко Панов |
| 9 (RLIN) | 364967 |
| 700 1# - Други автори (авторска отговорност) | |
| Друг автор | Ракъм, Артър |
| Авт. отговорност на др. автор | ил. |
| 9 (RLIN) | 115008 |
| 700 ## - Други автори (авторска отговорност) | |
| Друг автор | Доре, Густав |
| 9 (RLIN) | 496700 |
| 942 ## - АРТИКУЛИ | |
| Вид на библиотечния документ | Книги |
| Скрит в OPAC | Не |
| Периодичен библиозапис | Да |
| Koha issues (borrowed), all copies | 16 |
| 944 ## - СЪЗДАВАНЕ И РЕДАКЦИЯ на ЗАПИСА | |
| Дата на регистрацията/редакция | Нора Радева |
| Служител, извършил регистрацията/редакцията | 30542 |
| Номер на служител | Русанова Ирена |
| 999 ## - СИСТЕМНИ КОНТРОЛНИ НОМЕРА | |
| Koha biblionumber | 524502 |
| Koha biblioitemnumber | 524502 |
| 999 ## - СИСТЕМНИ КОНТРОЛНИ НОМЕРА | |
| Koha biblioitemnumber | 524502 |
| Код за отписване | Код за изгубен артикул | Източник на класификационната схема | Код за повреда | Код за отдаване | Артикулен № | Име на библиотеката - собственик | Име на библиотеката, в която се намира в момента | Статус (Текущо местоположение) | Дата на вписване в системата | Местоположение - отдел | Цена в лева | Инвентарен номер | Систематично азбучна сигнатура | Баркод | Цена в евро | Служебен тип на артикула |
|---|---|---|---|---|---|---|---|---|---|---|---|---|---|---|---|---|
| Не е изгубен | Universal Decimal Classification | Не е повреден | заемане за дома | 957415 | Регионална библиотека "Любен Каравелов" Русе | Регионална библиотека "Любен Каравелов" Русе | Детски отдел | 2025-01-06 | Детски отдел | 14.90 | 120000916252 | 821-93/Е 38 | 120000916252 | 7.62 | Книги |